000
00318nam a2200133Ia 4500
100
_a
Meriam/J.L
490
_v
II
942
_c
BK
654
_a
Engineering
245
_a
Engineering Mechanics-Dynamics : Engineering Mechanics-Dynamics
260
_b
John Wiley
_a
New York
_c
1993
300
_a
246
546
_a
ENGLISH
999
_c
31133
_d
31133